000
00328 a2200133 4500
000
nam a22 7a 4500
100
_a
Bajwa SS
110
_a
Bajwa SS
245
_a
सोशल मीडिया के विविध आयाम
250
_a
latest edition
260
_b
KK
_c
2025
264
_b
KK
_c
2025
942
_c
BK
999
_c
397257
_d
397257